Sports Quiz

Random Sports or NHL Quiz

NHL Hard-To-Spell Quiz Stats

 Plays Quiz not verified by Sporcle

Challenge
Share
Tweet
Embed
Score 0/30 Timer 10:00
0 Plays Today
First Name Last Name % Correct
Lubomir (9)Visnovsky
76.2%
Dustin (9)Byfuglien
74.6%
Kevin (6)Bieksa
72.3%
Valtteri (8)Filppula
66.7%
Dino (10)Ciccarelli
63.7%
Joe (10)Nieuwendyk
58%
Mariusz (10)Czerkawski
50.3%
Mike (10)Cammalleri
46.9%
Antero (10)Niittymaki
46.9%
Nino (12)Niederreiter
45%
Carlo (10)Colaiacovo
39.7%
Magnus (16)Paajarvi-Svensson
33.9%
Ed (6)Olczyk
31.6%
Paul (11)Bissonnette
30.7%
John (13)Vanbiesbrouck
27.5%
First Name Last Name % Correct
Reijo (12)Ruotsalainen
26.1%
Branko (11)Radivojevic
25.4%
Curtis (10)Leschyshyn
22.6%
Peter (12)Sidorkiewicz
22.4%
Pierre-Luc (17)Letourneau-Leblond
22.4%
Mike (12)Krushelnyski
19.6%
Wade (11)Dubielewicz
17.8%
Evgeny (9)Artyukhin
16.4%
Walt (8)Poddubny
13.9%
Lou (13)Franceschetti
9%
Sven (11)Butenschoen
7.6%
Jason (10)Bacashihua
6.7%
Eric (10)Boguniecki
6%
Paul (10)Szczechura
5.3%
Jerry (10)Toppazzini
3.7%

You're not logged in!

Compare scores with friends on all Sporcle quizzes.
OR
Log In

You Might Also Like...

Show Comments

Extras

Created Jan 28, 2013ReportNominate
Tags:NHL Quiz, career, hard-to-spell, last, team

Top Quizzes Today


Score Distribution

Your Account Isn't Verified!

In order to create a playlist on Sporcle, you need to verify the email address you used during registration. Go to your Sporcle Settings to finish the process.

Report this User

Report this user for behavior that violates our Community Guidelines.

Details: